Outwitting your years / (Record no. 186377)
[ view plain ]
| 000 -LEADER | |
|---|---|
| fixed length control field | 01509 a2200193 4500 |
| 003 - CONTROL NUMBER IDENTIFIER | |
| control field | Nust |
| 005 - DATE AND TIME OF LATEST TRANSACTION | |
| control field | 20230201114905.0 |
| 010 ## - LIBRARY OF CONGRESS CONTROL NUMBER | |
| LC control number | 51029432 |
| 040 ## - CATALOGING SOURCE | |
| Transcribing agency | Nust |
| 082 ## - DEWEY DECIMAL CLASSIFICATION NUMBER | |
| Classification number | 808.83,LIE |
| 100 ## - MAIN ENTRY--PERSONAL NAME | |
| Personal name | Lieb, Clarence William |
| 9 (RLIN) | 108346 |
| 245 ## - TITLE STATEMENT | |
| Title | Outwitting your years / |
| Statement of responsibility, etc. | Clarence William Lieb, |
| 260 ## - PUBLICATION, DISTRIBUTION, ETC. | |
| Place of publication, distribution, etc. | Kingswood, Surrey |
| Name of publisher, distributor, etc. | World’s Work |
| Date of publication, distribution, etc. | 1950 |
| 300 ## - PHYSICAL DESCRIPTION | |
| Extent | iii, 318 p |
| Other physical details | 19 cm |
| 505 ## - FORMATTED CONTENTS NOTE | |
| Formatted contents note | The Good Do Not Die Young (Page-1), Fifty – Uppers (Page-11), Mind Sickness and its Cure (Page-23), Sex after Sixty (Page-33), Shall We Abolish Birthdays? (Page-43) Growing old Gracefully (Page-53) Soul Sickness and Its Cure (Page-61), Bridging the Gap (Page-71), Who Wants to Be Young? (Page-81), Religious Role in old – Age Happiness (Page-91), Why Retire? (Page-104), New Jobs for OLD (Page-117), The Age of Appreciation (Page-141), The Golden Decade (Page-151), Regulation (Page-161), Chang of Life in Women and Men (Page-175), So-Called Diseases of Old Age (Page-188), I Ve Got Blood Pressure (Page-201), Cancer not Part of the Ageing Process (Page-214), Freedom from Pain (Page-226), Bolts and Jolts (Page-238), Stop, Look Listen’ (Page-248), The Platter is More Deadly Than The Sword (Page-260), The Temperamental Colon (Page-269), Reducing Eight Hundred Pounds (Page-279), And Speaking of Exercise (Page-288), Its Fun to Be Old (Page-300), The Supreme Alchemy (Page-309). |
| 600 ## - SUBJECT ADDED ENTRY--PERSONAL NAME | |
| Personal name | Lieb, Clarence William |
| 9 (RLIN) | 108346 |
| 650 ## - SUBJECT ADDED ENTRY--TOPICAL TERM | |
| Topical term or geographic name entry element | Outwitting your years |
| 9 (RLIN) | 108347 |
| 942 ## - ADDED ENTRY ELEMENTS (KOHA) | |
| Source of classification or shelving scheme | |
| Koha item type | Book |
| Call number prefix | 808.83,LIE |
| Withdrawn status | Lost status | Source of classification or shelving scheme | Damaged status | Not for loan | Permanent Location | Current Location | Shelving location | Date acquired | Full call number | Barcode | Date last seen | Price effective from | Koha item type | Public note |
|---|---|---|---|---|---|---|---|---|---|---|---|---|---|---|
| Military College of Signals (MCS) | Military College of Signals (MCS) | General Stacks | 12/12/2016 | 808.83,LIE | MCS29600 | 12/08/2016 | 12/12/2016 | Book | Almirah No. 57, Shelf No.1 |
